The Vampire Diaries character knowledge Quiz Stats

Quiz not verified by Sporcle

Challenge
Share
Tweet
Embed
Score 0/24 Timer 10:00
0 Plays Today
Hint Answer % Correct
who is the main protagonist? elena gilbert
99.5%
who's brother is...jeremy gilbert
98.4%
who's aunt is...jenna sommers
91.1%
who befriended...damon salvatore
91.1%
who had previously known...damon salvatore
91.1%
who's brother is...stefan salvatore
90.6%
who dated...alaric saltzman
90.1%
who later falls for...caroline forbes
89%
until her mother, (name), rescued herelizabeth forbes
83.8%
with the help of...tyler lockwood
79.6%
was later killed by... klaus mikaelson
78.5%
who's father (name) tortured herbill forbes
78%
Hint Answer % Correct
whos mother...carol lockwood
78%
who ran for years with his sister...rebekah mikaelson
77.5%
who tried to kill her children with the help of her oldest son...finn mikaelson
75.4%
who's wife was... esther mikaelson
72.8%
from their father...mikael mikaelson
72.3%
who was married to...lily salvatore
67.5%
who loved...sage
66.5%
who's father (name) was killed by stefan...giuseppe salvatore
62.3%
who was beat up while pregnant by...Julian
52.4%
who made a family for herself, starting with...valerie
48.7%
who was in love with...mary louise
45%
who loved lily and her family and was 'worshipped' by... nora
44.5%

You're not logged in!

Compare scores with friends on all Sporcle quizzes.
Sign Up with Email
OR
Log In

You Might Also Like...

Show Comments

Extras

Top Quizzes Today


Score Distribution

Your Account Isn't Verified!

In order to create a playlist on Sporcle, you need to verify the email address you used during registration. Go to your Sporcle Settings to finish the process.

Report this User

Report this user for behavior that violates our Community Guidelines.

Details: